BPM Boots on the ground: how to implement Strategic Business Process Management. Lessons learned from one of the world's largest organizations

Gorde:
Xehetasun bibliografikoak
Egile nagusia: Boots, Jim (Egilea)
Formatua: Liburua
Hizkuntza:ingelesa
Argitaratua: Meghan-Kiffer Press 2012
Edizioa:1a. ed
Gaiak:
Etiketak: Etiketa erantsi
Etiketarik gabe, Izan zaitez lehena erregistro honi etiketa jartzen!

MARC

LEADER 00000cam a2200000 a 4500
001 UCE5543
003 CL-VaPUC
008 150123e20120000us |||||||||||||||||eng|d
020 |a 9780929652160 
082 0 4 |a 658.8  |b BOO  |2 21 
100 0 |a Boots, Jim  |e author  |9 578214 
245 1 0 |a BPM Boots on the ground: how to implement Strategic Business Process Management. Lessons learned from one of the world's largest organizations 
250 |a 1a. ed 
300 |a 293 p 
942 |c BK 
945 |d 20150123 15:06:00  |a dcastane 
260 |b Meghan-Kiffer Press  |c 2012 
650 0 |a Producción  |x Planificación  |9 260672 
650 0 |a Gestión de la producción   |9 259467 
650 0 |a Business process modeling notation(BPMN)  |9 543872 
583 |a last modification  |c 20150326 12:25:13  |k Rodrigo Vera 
999 |c 358233  |d 358231 
952 |0 0  |1 0  |2 ddc  |3 erb  |4 0  |6 658_800000000000000_BOO_2012  |7 0  |8 A  |9 466836  |a BIBING  |b BIBING  |c RES  |i 5136091  |o 658.8 BOO 2012  |p 5136091  |r 2025-01-20  |w 2019-11-23  |y BK  |z Catalogado en:20150123  |k EII